Szczegóły MARC21

Psałterz Dawidów. Cz. 3, Indeksy wyrazów i form /

003 -Nazwa inst., której nr kontr. jest w polu 001 [,]
    • @
    • Nazwa instytucji, której n kontrolny jest w polu 001
    • NUKAT
005 -DATA I CZAS OSTATNIEJ MODYFIKACJI [,]
    • @
    • pole kontrolne
    • 20241231102404.0
020 -Międzynarod. znormalizowany nr książki - ISBN [ , ]
    • a
    • Numer ISBN
    • 8304037025 Find
040 -Instytucja sporządzająca opis [ , ]
    • a
    • Instytucja, która sporządziła opis (NP)
    • TOR U/KC
    • c
    • Instytucja, która sporządziła rekord (NP)
    • TOR U/KC
    • d
    • Instytucja, która zmodyfikowała rekord (P)
    • TOR U/LF
    • d
    • Instytucja, która zmodyfikowała rekord (P)
    • WR O/ZW
    • d
    • Instytucja, która zmodyfikowała rekord (P)
    • GD PAN/JMSs
    • d
    • Instytucja, która zmodyfikowała rekord (P)
    • WR O/LC
942 -Rodzaj dokumentu [ , ]
    • c
    • Rodzaj dokumentu
    • Książka
100 -Hasło główne - nazwa osobowa [1, ]
    • a
    • Nazwa osobowa (NP)
    • Woronczak, Jerzy
    • d
    • Daty biograficzne (NP)
    • (1923-2003).
    • 9
    • KHW
    • 45551
245 -Strefa tytułu i oznaczenia odpowiedzialności [1,0]
    • a
    • Tytuł
    • Psałterz Dawidów. Find
    • n
    • Oznaczenie części (P)
    • Cz. 3,
    • p
    • Nazwa części (P)
    • Indeksy wyrazów i form /
    • c
    • Pozostałe elementy strefy tytułu i oznaczenia odpowiedzialności (NP)
    • oprac. Jerzy Woronczak ; Polska Akademia Nauk. Instytut Badań Literackich.
260 -Strefa adresu wydawniczego [ , ]
    • a
    • Miejsce wydania (P)
    • Wrocław [etc.] :
    • b
    • Nazwa wydawcy (P)
    • Zakład Narodowy im. Ossolińskich - Wydawnictwo,
    • c
    • Data wydania (P)
    • 1991.
300 -Strefa opisu fizycznego [ , ]
    • a
    • Określenie formy książki i/lub objętość (NP)
    • 378 s. :
    • b
    • Oznaczenie ilustracji (NP)
    • err. ;
    • c
    • Format (NP)
    • 25 cm.
336 -Typ zawartości [ , ]
    • a
    • Termin opisujący typ zawartości
    • Tekst
    • b
    • Kod określający zawartość
    • txt
    • 2
    • Źródło (terminu i kodu)
    • rdacontent
337 -Typ mediów [ , ]
    • a
    • Tryb odtwarzania
    • Bez urządzenia pośredniczącego
    • b
    • Kod typu mediów
    • n
    • 2
    • Źródło (terminu i kodu)
    • rdamedia
338 -Typ/rodzaj nośnika [ , ]
    • a
    • Hasło opisujące typ nośnika
    • Wolumin
    • b
    • Kod typu nośnika
    • nc
    • 2
    • Źródło (terminu i kodu)
    • rdacarrier
490 -Strefa serii i książki wielotomowej - forma nie do wyszukiwania [1, ]
    • a
    • Tytuł (P)
    • Dzieła wszystkie : wydanie sejmowe / Jan Kochanowski ; Find
    • v
    • Numeracja (P)
    • t. 1
490 -Strefa serii i książki wielotomowej - forma nie do wyszukiwania [1, ]
    • a
    • Tytuł (P)
    • Biblioteka Pisarzów Polskich. Seria B, Find
    • x
    • ISSN (NP)
    • 0519-864X ;
    • v
    • Numeracja (P)
    • nr 23
830 -Hasło dodatkowe serii i opisu książki wielotomowej - tytuł ujednolicony/tytuł [ ,0]
    • a
    • Tytuł ujednolicony/tytuł (NP)
    • Biblia.
    • p
    • Nazwa części/podserii/sekcji (P)
    • ST.
    • p
    • Nazwa części/podserii/sekcji (P)
    • Księga Psalmów
    • l
    • Język tekstu (NP)
    • (pol. ;
    • f
    • Rok wydania
    • 1983)
    • v
    • Oznaczenie tomu (NP)
    • cz. 3
    • 9
    • KHW
    • 55114
830 -Hasło dodatkowe serii i opisu książki wielotomowej - tytuł ujednolicony/tytuł [ ,0]
    • a
    • Tytuł ujednolicony/tytuł (NP)
    • Biblioteka Pisarzów Polskich.
    • n
    • Oznaczenie części/podserii/sekcji (P)
    • Seria B
    • x
    • ISSN
    • 0519-864X
    • v
    • Oznaczenie tomu (NP)
    • nr 23
    • 9
    • KHW
    • 47057
080 -Uniwersalna Klasyfikacja Dziesiętna [ , ]
    • 2
    • Identyfikator wydania tablic
    • UDC-P058
    • a
    • Symbol klasyfikacji
    • 821.162.1-1
    • b
    • Dopowiedzenie
    • Literatura polska. - Poezja.
600 -Hasło przedmiotowe w formie nazwy osobowej [1,7]
    • a
    • Nazwa osobowa
    • Kochanowski, Jan
    • d
    • Daty związane z nazwą
    • (1530-1584)
    • x
    • Określnik rzeczowy
    • język
    • x
    • Określnik rzeczowy
    • glosaria.
    • 2
    • Źródło terminu
    • kaba
    • 9
    • KHW
    • 361509
630 -Hasło przedmiotowe w formie tytułu ujednoliconego [0,7]
    • a
    • Tytuł ujednolicony
    • Biblia.
    • p
    • Nazwa części dzieła
    • ST.
    • p
    • Nazwa części dzieła
    • Księga Psalmów
    • x
    • Określnik rzeczowy
    • wersje polskie
    • x
    • Określnik rzeczowy
    • język
    • y
    • Określnik chronologiczny
    • 16 w.
    • 2
    • Źródło terminu
    • kaba
    • 9
    • KHW
    • 444870
980 -Symbol UKD [ , ]
    • a
    • UKD
    • 821.162.1-1
710 -Hasło dodatkowe - nazwa ciała zbiorowego [2, ]
    • a
    • Nazwa ciała zbiorowego lub nazwa geograficzna jako pierwszy element (NP)
    • Zakład Narodowy im. Ossolińskich.
    • b
    • Nazwa jednostki podrzędnej (P)
    • Wydawnictwo.
    • 4
    • Kod relacji
    • pbl
    • 9
    • KHW
    • 54188
800 -Hasło dodatkowe opisu książki wielotomowej - nazwa osobowa [1, ]
    • a
    • Nazwa osobowa (NP)
    • Kochanowski, Jan
    • d
    • Daty biograficzne (NP)
    • (1530-1584).
    • t
    • Tytuł ujednolicony/tytuł (NP)
    • Dzieła wszystkie: wydanie sejmowe
    • v
    • Oznaczenie tomu (NP)
    • t. 1
    • 9
    • KHW
    • 55111
920 -ISBN [ , ]
    • a
    • ISBN
    • 83-04-03702-5 Find
Numer inwentarzowy Status udost. Sygnatura Uwagi nie widoczne w OPAC Lokalizacja Data inwentaryzacji
W.175762-3 retrokonwersjaBG
Z.820891 retrokonwersjaBG 
P.101271POL. Jan Kochanowski 03retrokonwersjaBM